El desastre de Chernóbil.
Guardado en:
| Formato: | |
|---|---|
| Materias: | |
| Etiquetas: |
Agregar Etiqueta
Sin Etiquetas, Sea el primero en etiquetar este registro!
|
| LEADER | 00858ngm a22002175g 4500 | ||
|---|---|---|---|
| 001 | CEM.cems022962 | ||
| 008 | 130507b2010##################0###0#####d | ||
| 005 | 20241127184846.0 | ||
| 245 | 0 | 0 | |a El desastre de Chernóbil. |
| 300 | |a 92'. | ||
| 500 | |a En soporte VHS, consultar en ventanilla. | ||
| 505 | 0 | |a Causas y consecuencias del desastre ecológico de Chernóbil. Factores que originaron la tragedia. Consecuencias de la radiación en los seres vivos y el ecosistema. Trabajos para contrarrestar los efectos. | |
| 538 | |a Soporte: VHS - Norma: Pal N - Color: Si - Grabación DRD 2010 - Hitachi=0000 | ||
| 082 | 5 | 7 | |. 5/CHE |
| 653 | |a CONTAMINACION | ||
| 653 | |a ECOLOGIA | ||
| 653 | |a CHERNOBIL | ||
| 653 | |a RADIACION | ||
| 653 | |a NIVEL PRIMARIO | ||
| 653 | |a NIVEL SECUNDARIO | ||
| 859 | |a CEMS |b BIB. CEMS - Depto. Recursos Didacticos |h 574.5 |i CHE |k DRD |p 1605.12 |t Ej.1 | ||
